Hiroshima / (Record no. 2528)

MARC details
000 -LEADER
fixed length control field 00793pam a2200253 a 4500
005 - DATE AND TIME OF LATEST TRANSACTION
control field 20250218090936.0
020 ## - INTERNATIONAL STANDARD BOOK NUMBER
International Standard Book Number 0590208322 :
Terms of availability $13.95
020 ## - INTERNATIONAL STANDARD BOOK NUMBER
International Standard Book Number 9780590208338
040 ## - CATALOGING SOURCE
Original cataloging agency DLC
Transcribing agency DLC
Modifying agency DLC
Language of cataloging eng
050 00 - LIBRARY OF CONGRESS CALL NUMBER
Classification number PZ7.Y44
Item number Hi 1995
082 00 - DEWEY DECIMAL CLASSIFICATION NUMBER
Classification number 813
Edition number 20
100 1# - MAIN ENTRY--PERSONAL NAME
Personal name Yep, Laurence
Dates associated with a name 1948-
245 10 - TITLE STATEMENT
Title Hiroshima /
Statement of responsibility, etc. a novella by Laurence Yep
260 ## - PUBLICATION, DISTRIBUTION, ETC.
Place of publication, distribution, etc. New York :
Name of publisher, distributor, etc. Scholastic,
Date of publication, distribution, etc. 1995
300 ## - PHYSICAL DESCRIPTION
Extent 56 pages :
Dimensions 20 cm
505 ## - FORMATTED CONTENTS NOTE
Formatted contents note R
520 ## - SUMMARY, ETC.
Summary, etc. Describes the dropping of the atomic bomb on Hiroshima, Japan, particularly as it affects Sachi, who becomes one of the Hiroshima Maidens.
521 ## - TARGET AUDIENCE NOTE
Target audience note 760
Source Lexile
521 ## - TARGET AUDIENCE NOTE
Target audience note R
Source Raz-Plus
650 #1 - SUBJECT ADDED ENTRY--TOPICAL TERM
Topical term or geographic name entry element Atomic bomb
General subdivision History
-- Fiction.
906 ## - LOCAL DATA ELEMENT F, LDF (RLIN)
a 7
b rip
c orignew
d 1
e ocip
f 19
g y-gencatlg
942 ## - ADDED ENTRY ELEMENTS (KOHA)
Source of classification or shelving scheme Dewey Decimal Classification
Koha item type Books
Suppress in OPAC No
999 ## -
-- 2528
-- 2528
Holdings
Withdrawn status Lost status Source of classification or shelving scheme Damaged status Not for loan Collection Home library Current library Shelving location Date acquired Total Checkouts Full call number Barcode Date last seen Date last checked out Copy number Price effective from Koha item type
    Dewey Decimal Classification     Fiction Footprints International School Library Network Toul Kork Campus Footprints International School Library Network Toul Kork Campus TTP Primary Orange Bookshelves 12/14/2023 1 YEP 813 PZ7.Y44 FISSE00413 03/22/2024 01/12/2024 1 12/14/2023 Books
    Dewey Decimal Classification     Fiction Footprints International School Library Network Toul Kork Campus Footprints International School Library Network Toul Kork Campus TTP Primary Orange Bookshelves 01/15/2024   YEP 813 PZ7.Y44 FISSE00415 01/15/2024   2 12/14/2023 Books
    Dewey Decimal Classification     Juvenile Fiction Footprints International School Library Network Toul Kork Campus Footprints International School Library Network Toul Kork Campus TTP Primary Orange Bookshelves 02/18/2025   YEP 813 PZ7.Y44 2025-0585 02/18/2025   3 02/18/2025 Books